000 00501nmm a2200169Ia 4500
008 251105s9999||||xx |||||||||||||||||und||
020 _a9788493502140
041 _aspa
100 _aCabello, Matilde
245 0 _aEl libro de las parturientas
264 _a[Madrid, España] :
_bUtopía Libros,
_c[Fecha de publicación no identificada]
300 _a0 páginas
490 _aNarrativa
650 _aSpanish narrative
856 _uhttps://public.digitaliapublishing.com/a/100626
942 _cCF
999 _c89146
_d89146